[Event "Ì19"]
[Site "Loo"]
[Date "2017.04.25"]
[Round "6.21"]
[White "Àëåêñååâ, Ìèõàèë."]
[Black "Êàïïóøåâ, Àõìàò."]
[Result "1/2-1/2"]
[WhiteElo "1858"]
[BlackElo "1893"]
[PlyCount "67"]
[EventDate "2017.04.20"]

1. d4 Nf6 2. c4 e6 3. Nf3 Bb4+ 4. Bd2 Qe7 5. g3 O-O 6. Bg2 Bxd2+ 7. Nbxd2 d6 8.
O-O e5 9. dxe5 dxe5 10. Qc2 Nc6 11. e3 Rd8 12. Rad1 h6 13. Ne4 Be6 14. Nxf6+
Qxf6 15. Rxd8+ Rxd8 16. b3 Qe7 17. Rd1 Rxd1+ 18. Qxd1 Qd7 19. Qxd7 Bxd7 20. Kf1
f6 21. Nd2 Nd8 22. Ke2 Kf7 23. Nb1 Ke7 24. Nc3 Bc6 25. Bxc6 Nxc6 26. Nd5+ Kd7
27. Kd2 Ne7 28. Nxe7 Kxe7 29. e4 c5 30. Ke2 Kd7 31. Kd2 Ke7 32. Ke2 Kd7 33. Kd2
Ke7 34. Ke2 1/2-1/2

[Event "Ì19"]
[Site "Loo"]
[Date "2017.04.25"]
[Round "6.23"]
[White "Ðîçìàíîâ, Àëåêñàíäð."]
[Black "Ñïèðèäîíîâ, Åâãåíèé."]
[Result "0-1"]
[WhiteElo "2018"]
[BlackElo "2130"]
[PlyCount "200"]
[EventDate "2017.04.20"]

1. e4 e5 2. Bc4 Nf6 3. d3 Nc6 4. Nc3 Na5 5. Nge2 Be7 6. O-O O-O 7. a3 Nxc4 8.
dxc4 d6 9. Qd3 c6 10. h3 Be6 11. f4 exf4 12. Bxf4 Nd7 13. Bxd6 Bxd6 14. Qxd6
Bxc4 15. b3 Qb6+ 16. Kh1 Bxe2 17. Nxe2 Nc5 18. Qf4 Rae8 19. Ng3 Ne6 20. Qg4 Qe3
21. Rf5 g6 22. Raf1 Ng7 23. R5f3 Qc5 24. b4 Qe5 25. Rd3 Rd8 26. Rfd1 h5 27. Qf3
Ne6 28. Qe3 b6 29. Ne2 Rxd3 30. Rxd3 Ng5 31. Nd4 Rc8 32. Nf3 Nxf3 33. Qxf3 Qe6
34. e5 Qxe5 35. Rd7 Qe6 36. Rxa7 h4 37. Qf4 Rd8 38. Kh2 Rd1 39. a4 c5 40. b5
Rd4 41. Qc7 Qf5 42. a5 Rd2 43. Ra8+ Kh7 44. Rf8 Kg7 45. Re8 bxa5 46. b6 Qd5 47.
Qe5+ Qxe5+ 48. Rxe5 Rxc2 49. b7 Rb2 50. Rxc5 Rxb7 51. Rxa5 Rb2 52. Ra6 Kh6 53.
Rf6 Kg7 54. Ra6 f5 55. Ra4 g5 56. Ra6 Re2 57. Kg1 Kf7 58. Kf1 Re6 59. Ra2 Kf6
60. Kf2 Rd6 61. Re2 Rd3 62. Ra2 Ke5 63. Rb2 Ke4 64. Ra2 Rd4 65. Rb2 Kf4 66. Ra2
Rb4 67. Rd2 g4 68. hxg4 fxg4 69. Ra2 g3+ 70. Ke2 Kg4 71. Ra8 Re4+ 72. Kf1 Kf4
73. Rf8+ Ke3 74. Rd8 Rf4+ 75. Kg1 Rd4 76. Re8+ Kd3 77. Kf1 Rf4+ 78. Kg1 Re4 79.
Rd8+ Ke2 80. Rf8 Re3 81. Rh8 Ra3 82. Re8+ Kd3 83. Rd8+ Ke4 84. Re8+ Kf5 85.
Rf8+ Kg6 86. Kf1 Ra1+ 87. Ke2 Rg1 88. Rg8+ Kf7 89. Rh8 Rxg2+ 90. Kf1 Rh2 91.
Rh6 Kg7 92. Ra6 Rf2+ 93. Kg1 h3 94. Ra1 Kg6 95. Ra6+ Kg5 96. Ra5+ Kg4 97. Ra4+
Rf4 98. Ra1 h2+ 99. Kg2 Rf2+ 100. Kh1 Kh3 0-1

[Event "Ä11Ï"]
[Site "Loo"]
[Date "2017.04.26"]
[Round "7.1"]
[White "Çàâèâàåâà, Ýâåëèíà."]
[Black "Øåâöîâà, Äàðüÿ."]
[Result "0-1"]
[WhiteElo "1326"]
[BlackElo "1445"]
[PlyCount "90"]
[EventDate "2017.04.20"]

1. d4 Nf6 2. c4 g6 3. g3 Bg7 4. Bg2 O-O 5. Nf3 d6 6. e3 Nc6 7. O-O e5 8. dxe5
dxe5 9. Qxd8 Rxd8 10. Nc3 Be6 11. b3 h6 12. Bb2 Nd7 13. Rad1 f5 14. Nb5 Rac8
15. Ne1 e4 16. Bxg7 Kxg7 17. Nc2 a6 18. Nbd4 Nxd4 19. Nxd4 Bf7 20. f3 c5 21.
Nc2 Nf6 22. fxe4 fxe4 23. Bh3 Rb8 24. Kf2 b5 25. cxb5 axb5 26. Ke2 Nd5 27. Ke1
Nc3 28. Rd2 Rxd2 29. Kxd2 Nxa2 30. Na1 Rd8+ 31. Kc2 Nb4+ 32. Kb2 Rd2+ 33. Kc1
Rxh2 34. Bd7 Re2 35. Bxb5 Rxe3 36. Kd2 Rxg3 37. Re1 Bxb3 38. Nxb3 Rxb3 39. Rxe4
Kf6 40. Kd1 Nd3 41. Bd7 Rb4 42. Re2 Rd4 43. Bb5 Nb4+ 44. Rd2 Rxd2+ 45. Kxd2 Ke5
0-1

[Event "Ä11Ï"]
[Site "Loo"]
[Date "2017.04.26"]
[Round "7.2"]
[White "Óçèíöåâà, Äàðüÿ."]
[Black "Ðèÿíîâà, Ðàëèíà."]
[Result "0-1"]
[WhiteElo "1291"]
[BlackElo "1165"]
[PlyCount "78"]
[EventDate "2017.04.20"]

1. d4 d5 2. c4 c6 3. Nf3 e6 4. e3 f5 5. Nc3 Nf6 6. cxd5 cxd5 7. Bd3 Bd6 8. Bd2
a6 9. O-O O-O 10. Rc1 Ne4 11. Qb3 Rf6 12. Na4 Nxd2 13. Nxd2 Nc6 14. Qd1 Bd7 15.
Nc5 Qc7 16. f4 Kh8 17. Nf3 Raf8 18. Ne5 Be8 19. a3 Rg8 20. Qb3 Na5 21. Qc2 g5
22. b4 Nc6 23. Nxa6 bxa6 24. Nxc6 Bxc6 25. Qxc6 Qb8 26. fxg5 Bxh2+ 27. Kh1 Qg3
28. Rf3 Qxg5 29. Qc2 Rh6 30. Rh3 Rxh3 31. gxh3 Bd6 32. Qf2 Qh5 33. Bf1 Bg3 34.
Qe2 Qg5 35. Rc6 Bf4 36. Bg2 Bxe3 37. Rxe6 Bxd4 38. Rxa6 Qc1+ 39. Kh2 Qg1# 0-1

[Event "Ä11Ï"]
[Site "Loo"]
[Date "2017.04.26"]
[Round "7.3"]
[White "Âîë÷êîâà, Àëåíà."]
[Black "Åôèìîâà, Äàðüÿ."]
[Result "1-0"]
[WhiteElo "1207"]
[BlackElo "1199"]
[PlyCount "29"]
[EventDate "2017.04.20"]

1. d4 d5 2. Bf4 c5 3. e3 Nf6 4. Nc3 e6 5. Nb5 Na6 6. Nf3 Ne4 7. c3 Qb6 8. Qa4
Bd7 9. Ne5 Bc6 10. f3 Nf6 11. Nxc6 Qxc6 12. Nd6+ Bxd6 13. Bb5 O-O 14. Bxc6 bxc6
15. Bxd6 1-0

[Event "Ä11Ï"]
[Site "Loo"]
[Date "2017.04.26"]
[Round "7.4"]
[White "Æàïîâà, ßíà."]
[Black "Åëüíèêîâà, Ìèëåíà."]
[Result "1-0"]
[WhiteElo "1316"]
[BlackElo "1134"]
[PlyCount "103"]
[EventDate "2017.04.20"]

1. e4 c5 2. Nf3 Nc6 3. d4 cxd4 4. Nxd4 g6 5. Nc3 Bg7 6. Be3 Nf6 7. Qd2 d5 8.
Nxc6 bxc6 9. Rd1 e6 10. Be2 Bb7 11. exd5 cxd5 12. O-O O-O 13. f4 Qa5 14. a3
Rfc8 15. Rc1 Rd8 16. b4 Qxa3 17. Nb5 Ne4 18. Nxa3 Nxd2 19. Bxd2 Bb2 20. Nb5
Bxc1 21. Rxc1 Ba6 22. Nc3 Bc4 23. Bxc4 dxc4 24. Be3 a6 25. Na4 Rab8 26. c3 Rd5
27. Nc5 Rd6 28. Ra1 Ra8 29. Ne4 Rc6 30. b5 Rc7 31. bxa6 Rc6 32. a7 Rcc8 33.
Nf6+ Kg7 34. Bd4 Kh6 35. Nd7 Rc7 36. Nf6 Rcc8 37. h4 g5 38. fxg5+ Kg6 39. g4
Rc7 40. Be3 Rb7 41. h5+ Kg7 42. Bd4 Kf8 43. Nxh7+ Ke7 44. Nf6 Kf8 45. h6 Ke7
46. h7 Kd6 47. h8=Q Rxh8 48. a8=Q Rxa8 49. Rxa8 e5 50. Rd8+ Ke7 51. Re8+ Kd6
52. Bxe5+ 1-0

[Event "Ä11Ï"]
[Site "Loo"]
[Date "2017.04.26"]
[Round "7.5"]
[White "Öàð¸âà, Àëåêñàíäðà."]
[Black "Ìàòâååâà, Êñåíèÿ."]
[Result "1/2-1/2"]
[WhiteElo "1212"]
[BlackElo "1292"]
[PlyCount "86"]
[EventDate "2017.04.20"]

1. e4 c6 2. d4 d5 3. exd5 cxd5 4. c4 Nf6 5. Nc3 g6 6. Bg5 Bg7 7. Bxf6 Bxf6 8.
cxd5 O-O 9. Bc4 Nd7 10. Nge2 Nb6 11. Bb3 Bg7 12. O-O Bf5 13. Ng3 Rc8 14. Nxf5
gxf5 15. Qd3 Qd7 16. Rfe1 Kh8 17. Rad1 Rg8 18. Qe3 Bf6 19. a3 Rg6 20. g3 Rcg8
21. Ne2 Bg5 22. Qf3 Rd8 23. Nc3 Rdg8 24. Ne2 Rf6 25. Kh1 Rh6 26. Nc3 a6 27. Re5
Rf6 28. Rde1 Nc8 29. Na4 b6 30. Qd3 a5 31. Nc3 f4 32. Rg1 Qh3 33. Qf1 Qxf1 34.
Rxf1 fxg3 35. hxg3 Bf4 36. Ree1 Nd6 37. Ne2 Bg5 38. Nc3 Rh6+ 39. Kg2 Nf5 40.
Nb5 Bf4 41. Kf3 Bxg3 42. Bc2 Nh4+ 43. Ke2 Bd6 {äàëåå çàïèñü íåðàçáîð~~èâà}
1/2-1/2

[Event "Ä11Ï"]
[Site "Loo"]
[Date "2017.04.26"]
[Round "7.6"]
[White "Êóëèø, Ãëàôèðà."]
[Black "Ìóòèíà, Ñîôèÿ."]
[Result "0-1"]
[WhiteElo "1195"]
[BlackElo "1255"]
[PlyCount "54"]
[EventDate "2017.04.20"]

1. e4 c6 2. d4 d5 3. Nc3 dxe4 4. Nxe4 Nd7 5. Qe2 e6 6. Bg5 Ngf6 7. Nxf6+ Nxf6
8. O-O-O Bd7 9. g3 b5 10. Bg2 a5 11. d5 cxd5 12. Rxd5 Rc8 13. Rd1 Be7 14. Qd3
Nd5 15. Bxe7 Nxe7 16. Ne2 Nc6 17. Nd4 Nb4 18. Qb3 Qc7 19. a3 Nd5 20. Bxd5 exd5
21. Qxd5 O-O 22. Rd2 b4 23. Nb5 Bxb5 24. Qxb5 bxa3 25. Qd7 a2 26. Qa4 Qc6 27.
Qxa2 Qxh1+ 0-1

[Event "Ä11Ï"]
[Site "Loo"]
[Date "2017.04.26"]
[Round "7.7"]
[White "Íàãàåâà, Àëèÿ."]
[Black "Êèðäÿøêèíà, Åêàòåðèíà."]
[Result "1/2-1/2"]
[WhiteElo "1269"]
[BlackElo "1198"]
[PlyCount "88"]
[EventDate "2017.04.20"]

1. d4 d5 2. e3 Nf6 3. Bd3 e6 4. Nd2 c5 5. c3 Nc6 6. f4 cxd4 7. exd4 Bd6 8. Nb3
Qc7 9. Qd2 a5 10. a4 Qb6 11. Qd1 Bd7 12. Nf3 Qc7 13. Ne5 Rf8 14. Nd2 O-O-O 15.
Rb1 Ne8 16. Nxc6 Bxc6 17. g3 g6 18. Nf3 f6 19. Qe2 Bxa4 20. Qxe6+ Kb8 21. O-O
Bc6 22. Bd2 Ng7 23. Qe1 Rfe8 24. Qc1 Qb6 25. b4 axb4 26. cxb4 Bb5 27. Bxb5 Qxb5
28. Qa3 Ne6 29. Ra1 Nc7 30. Qa7+ Kc8 31. Rfc1 Kd7 32. Qa5 Qxa5 33. Rxa5 Ra8 34.
Rca1 Rxa5 35. Rxa5 b5 36. Kf2 Kc6 37. Bc3 Kb6 38. Ne1 Na6 39. Nd3 Be7 40. Nc5
Ra8 41. Kf3 f5 42. Ke3 Ra7 43. Kd2 Bd6 44. Ra1 Bf8 {äàëåå çàïèñü íåðàçáîð~~èâà}
1/2-1/2

[Event "Ä11Ï"]
[Site "Loo"]
[Date "2017.04.26"]
[Round "7.8"]
[White "Ëåãêèõ, Àðèíà."]
[Black "Êîæåâíèêîâà, Àëåíà."]
[Result "1-0"]
[WhiteElo "1202"]
[BlackElo "1422"]
[PlyCount "63"]
[EventDate "2017.04.20"]

1. b3 b6 2. Bb2 Bb7 3. e3 e6 4. d4 Nf6 5. Nf3 d5 6. Nbd2 Nbd7 7. c4 Bb4 8. Bd3
Ne4 9. O-O O-O 10. Qc2 Ndf6 11. Rad1 Re8 12. Ne5 Bxd2 13. Rxd2 Nxd2 14. Qxd2
Nd7 15. Nf3 dxc4 16. bxc4 Bxf3 17. gxf3 c5 18. Be4 Rc8 19. d5 exd5 20. cxd5
Qg5+ 21. Kh1 g6 22. Qc3 Qe5 23. Qc2 Qe7 24. Rg1 Rcd8 25. Bxg6 Nf6 26. Bxf6 Qxf6
27. Bxf7+ Kf8 28. Rg8+ Ke7 29. Qe4+ Kd6 30. Bxe8 c4 31. Qxc4 Qxf3+ 32. Kg1 1-0

[Event "Ä11Ï"]
[Site "Loo"]
[Date "2017.04.26"]
[Round "7.9"]
[White "ßêèìîâà, Çëàòà."]
[Black "Êàëàíäèÿ, Ýêà."]
[Result "0-1"]
[WhiteElo "1259"]
[BlackElo "1184"]
[PlyCount "52"]
[EventDate "2017.04.20"]

1. d4 d5 2. c4 dxc4 3. e3 Nf6 4. Bxc4 e6 5. Nf3 a6 6. O-O b5 7. Bd3 Bb7 8. Nc3
c5 9. Bc2 Nbd7 10. e4 b4 11. e5 bxc3 12. exf6 cxb2 13. fxg7 Bxg7 14. Bxb2 cxd4
15. Nxd4 Qg5 16. f3 Qc5 17. Kh1 Qg5 18. Qe2 Be5 19. Rfe1 Qh4 20. g3 Bxg3 21.
Nf5 Bxf3+ 22. Kg1 Bxe2 23. Nxh4 Bxe1 24. Rxe1 Rg8+ 25. Ng2 Bf3 26. Be4 Rxg2+
0-1

[Event "Ä11Ï"]
[Site "Loo"]
[Date "2017.04.26"]
[Round "7.10"]
[White "Ñèòíîâà, Ìàðãàðèòà."]
[Black "Ãîëèêîâà, Àëèñà."]
[Result "1-0"]
[WhiteElo "1118"]
[BlackElo "1233"]
[PlyCount "33"]
[EventDate "2017.04.20"]

1. e4 e6 2. Nc3 d5 3. d4 Nf6 4. e5 Nfd7 5. Nf3 c5 6. Bg5 Be7 7. Bxe7 Qxe7 8.
Nb5 Nb6 9. Nd6+ Kf8 10. dxc5 Na4 11. Nxc8 Qxc5 12. Nd6 Qb4+ 13. c3 Qxb2 14. Nb5
a6 15. Rb1 Qxa2 16. Ra1 Qb2 17. Rxa4 1-0

[Event "Ä11Ï"]
[Site "Loo"]
[Date "2017.04.26"]
[Round "7.11"]
[White "Ãëóøêîâà, Ìèëàíà."]
[Black "Øàòêîâñêàÿ, Åëèçàâåòà."]
[Result "1-0"]
[WhiteElo "1231"]
[BlackElo "1183"]
[PlyCount "113"]
[EventDate "2017.04.20"]

1. e4 c5 2. Nf3 g6 3. d4 cxd4 4. Nxd4 Bg7 5. Nc3 Nc6 6. Be3 Nf6 7. Bc4 e6 8.
O-O O-O 9. Kh1 d5 10. exd5 exd5 11. Be2 Re8 12. Qd2 Be6 13. Nb3 Ne4 14. Nxe4
dxe4 15. Rab1 Bxb3 16. axb3 Qxd2 17. Bxd2 Rad8 18. Be3 Nd4 19. Bd1 a6 20. c3
Nf5 21. Bf4 e3 22. fxe3 Nxe3 23. Re1 Nxd1 24. Rxe8+ Rxe8 25. Rxd1 Bf8 26. h3
Re2 27. Rd8 Kg7 28. Rb8 b5 29. c4 bxc4 30. bxc4 Re4 31. Bg3 Rxc4 32. Be5+ f6
33. Bxf6+ Kxf6 34. Rxf8+ Kg7 35. Ra8 Rb4 36. Ra7+ Kh6 37. Rxa6 Rxb2 38. Ra5 Rf2
39. g4 Kg7 40. Ra7+ Rf7 41. Ra5 Re7 42. Kg2 Kf6 43. g5+ Kg7 44. Kf3 h6 45. h4
Rb7 46. Re5 Rb3+ 47. Re3 Rxe3+ 48. Kxe3 h5 49. Ke4 Kf7 50. Kd5 Ke7 51. Ke5 Kf7
52. Kd6 Kf8 53. Ke6 Kg8 54. Kf6 Kh7 55. Kf7 Kh8 56. Kxg6 Kg8 57. Kxh5 1-0

[Event "Ä11Ï"]
[Site "Loo"]
[Date "2017.04.26"]
[Round "7.12"]
[White "Äàðìàåâà, Íîìèíà."]
[Black "Çàãðåáèíà, Ìàðèíà."]
[Result "1/2-1/2"]
[WhiteElo "1047"]
[BlackElo "1214"]
[PlyCount "80"]
[EventDate "2017.04.20"]

1. e4 c6 2. Nf3 d5 3. Nc3 Bg4 4. h3 Bh5 5. exd5 cxd5 6. Bb5+ Nd7 7. Nxd5 e6 8.
Nc3 Bd6 9. d4 Bg6 10. O-O a6 11. Ba4 b5 12. Bb3 Ne7 13. Re1 O-O 14. Bg5 Qc7 15.
Bxe7 Bxe7 16. d5 e5 17. Qe2 Bd6 18. Rac1 Rfe8 19. Qd2 e4 20. Nh4 Bf4 21. Qd1
Bxc1 22. Qxc1 Nc5 23. Qg5 Qe5 24. Qe3 Nxb3 25. axb3 b4 26. Nxg6 hxg6 27. Qxe4
Qxe4 28. Rxe4 bxc3 29. Rxe8+ Rxe8 30. bxc3 Rc8 31. c4 Kf8 32. Kf1 Ke7 33. Ke2
Kd6 34. Kd3 a5 35. Kd4 f6 36. h4 g5 37. hxg5 fxg5 38. g3 g4 39. c3 g6 40. Kd3
g5 1/2-1/2

[Event "Ä11Ï"]
[Site "Loo"]
[Date "2017.04.26"]
[Round "7.13"]
[White "Òåëåëþõèíà, Åëèçàâåòà."]
[Black "Êîðîáèöûíà, Äàðüÿ."]
[Result "1-0"]
[WhiteElo "1214"]
[BlackElo "1143"]
[PlyCount "71"]
[EventDate "2017.04.20"]

1. e4 e5 2. Nf3 Nc6 3. Bc4 Nd4 4. c3 Nxf3+ 5. Qxf3 Nf6 6. d3 d6 7. h3 g6 8. Bg5
Bg7 9. O-O O-O 10. Nd2 b6 11. Bd5 Rb8 12. Nc4 Bb7 13. Bxb7 Rxb7 14. a4 Re8 15.
Ne3 Qd7 16. Bxf6 Bxf6 17. Qxf6 Re6 18. Qf3 c5 19. Nd5 Qd8 20. b4 cxb4 21. cxb4
a6 22. Rac1 b5 23. axb5 axb5 24. Ra1 Kg7 25. Rfc1 h6 26. Ra5 h5 27. Qe3 f6 28.
d4 Qb8 29. dxe5 dxe5 30. Rc5 Kf7 31. Qd3 Qd8 32. Rcxb5 Reb6 33. Rxb6 Rxb6 34.
Ra7+ Kf8 35. Qc4 Rb8 36. Qc5+ 1-0

[Event "Ä11Ï"]
[Site "Loo"]
[Date "2017.04.26"]
[Round "7.15"]
[White "Àáðàìîâà, Ñîôèÿ."]
[Black "Êîðíåâà, Ïîëèíà."]
[Result "1-0"]
[WhiteElo "1117"]
[BlackElo "1270"]
[PlyCount "101"]
[EventDate "2017.04.20"]

1. d4 Nf6 2. Nf3 e6 3. c4 b6 4. Nc3 Bb4 5. a3 Be7 6. Bf4 a6 7. e3 Bb7 8. Be2 d5
9. O-O O-O 10. Qc2 dxc4 11. Bxc4 Bxf3 12. gxf3 Nbd7 13. Kh1 Nh5 14. Bg3 Nxg3+
15. hxg3 g6 16. Kg2 Kg7 17. Rad1 c6 18. Bd3 h5 19. Be4 Qc8 20. Ne2 Nb8 21. Nf4
f5 22. Bd3 Bf6 23. Qb3 Re8 24. Qxb6 Nd7 25. Qb3 Nf8 26. Rc1 Re7 27. Qc2 Rc7 28.
b4 Kh6 29. a4 g5 30. Ne2 h4 31. b5 axb5 32. axb5 Rb8 33. e4 Kg6 34. d5 hxg3 35.
fxg3 Be7 36. bxc6 exd5 37. exd5 Bd6 38. Rb1 Rxb1 39. Rxb1 Nh7 40. Rb7 Rxb7 41.
cxb7 Qxc2 42. Bxc2 Nf6 43. Bb3 Kf7 44. Nd4 f4 45. Nf5 Bb8 46. d6+ Ke8 47. Ba4+
Kd8 48. Nd4 Bxd6 49. Nc6+ Ke8 50. b8=Q+ Bxb8 51. Nxb8+ 1-0

[Event "Ä11Ï"]
[Site "Loo"]
[Date "2017.04.26"]
[Round "7.16"]
[White "Êîçëîâà, Àíàñòàñèÿ."]
[Black "Ñìèðíîâà, Àë¸íà."]
[Result "0-1"]
[WhiteElo "1264"]
[BlackElo "1187"]
[PlyCount "66"]
[EventDate "2017.04.20"]

1. e4 e6 2. d4 d5 3. Nc3 dxe4 4. Nxe4 Be7 5. Nf3 Nc6 6. Be2 Nf6 7. Nc3 O-O 8.
O-O a6 9. Bf4 b6 10. a3 Bb7 11. Qd2 Qd7 12. Rfe1 Rfd8 13. Rad1 Rac8 14. h3 Na7
15. Ne5 Qe8 16. Qe3 c5 17. dxc5 Bxc5 18. Qg3 Ne4 19. Nxe4 Bxe4 20. Bxa6 Bxc2
21. Bxc8 Bxd1 22. Bh6 g6 23. Qg5 Be7 24. Qe3 Nxc8 25. Nd3 Ba4 26. Qe4 Bf6 27.
Qf4 Bg7 28. Bxg7 Kxg7 29. Qe5+ Kg8 30. Qe4 Bc2 31. Re3 Bxd3 32. Rxd3 Rxd3 33.
Qxd3 Qe7 0-1

[Event "Ä11Ï"]
[Site "Loo"]
[Date "2017.04.26"]
[Round "7.18"]
[White "Ëåêî, Îëüãà."]
[Black "Íîâèêîâà, Äàðüÿ."]
[Result "0-1"]
[WhiteElo "1229"]
[BlackElo "1117"]
[PlyCount "64"]
[EventDate "2017.04.20"]

1. e4 c5 2. Nf3 e6 3. d4 cxd4 4. Nxd4 a6 5. Bd3 Nf6 6. O-O Qc7 7. Qe2 Nc6 8.
Nxc6 bxc6 9. c4 d6 10. Nc3 Be7 11. Be3 O-O 12. Rae1 Bb7 13. Kh1 c5 14. f4 Nd7
15. Bd2 Nb8 16. e5 Nc6 17. exd6 Bxd6 18. Qh5 h6 19. Ne4 f5 20. Nxd6 Qxd6 21.
Re3 Nb4 22. Qe2 Rad8 23. Bxb4 cxb4 24. c5 Qxc5 25. Rxe6 a5 26. Bc4 Bd5 27. Bxd5
Qxd5 28. Ra1 Qd2 29. Qe5 Rd5 30. Qe2 Qxf4 31. Ra6 Kh7 32. Qh5 Qg4 {
äàëåå çàïèñü íåðàçáîð~~èâà} 0-1

[Event "Ä11Ï"]
[Site "Loo"]
[Date "2017.04.26"]
[Round "7.19"]
[White "Ïåòðîâà, Âàðâàðà."]
[Black "Ðàñïàåâà, Äàðüÿ."]
[Result "1-0"]
[WhiteElo "1210"]
[BlackElo "1157"]
[PlyCount "83"]
[EventDate "2017.04.20"]

1. e4 c5 2. b3 e6 3. Nf3 d6 4. Bb5+ Bd7 5. Bxd7+ Nxd7 6. Bb2 Ngf6 7. d3 Be7 8.
Nbd2 O-O 9. O-O Rc8 10. c4 e5 11. Ne1 g6 12. Nc2 Nh5 13. g3 Ng7 14. Ne3 f5 15.
exf5 Nxf5 16. Nxf5 Rxf5 17. Ne4 Rc6 18. Qd2 Nf6 19. f4 Nxe4 20. dxe4 Rh5 21.
fxe5 dxe5 22. Qxd8+ Bxd8 23. Rad1 Ba5 24. Rd5 Re6 25. Kg2 Bb6 26. Rd7 Re8 27.
Rxb7 Rd8 28. Rbf7 Rd2+ 29. R7f2 Rxf2+ 30. Rxf2 Bc7 31. Rd2 Ba5 32. Rd5 Bc7 33.
Rxc5 Bd6 34. Rc8+ Kf7 35. Rc6 Bb8 36. Bc1 g5 37. g4 Rh4 38. h3 h6 39. Be3 Kg7
40. Bf2 Kh7 41. Re6 Kg7 42. Bxh4 1-0

[Event "Ä11Ï"]
[Site "Loo"]
[Date "2017.04.26"]
[Round "7.20"]
[White "×èñòÿêîâà, Âåðîíèêà."]
[Black "Ñàââèíà, Ðåãèíà."]
[Result "1-0"]
[WhiteElo "1116"]
[BlackElo "1392"]
[PlyCount "77"]
[EventDate "2017.04.20"]

1. d4 d5 2. Nf3 Nf6 3. c4 e6 4. Bg5 Nbd7 5. Nc3 Be7 6. e3 O-O 7. Rc1 c5 8. Be2
dxc4 9. Bxc4 a6 10. O-O b5 11. Bd3 Bb7 12. a3 Qc7 13. Bf4 Qb6 14. dxc5 Nxc5 15.
Be2 Rfd8 16. Qc2 Rac8 17. Qb1 Nb3 18. Rcd1 Bxf3 19. Bxf3 Nd2 20. Qc2 Nxf1 21.
Rxf1 b4 22. axb4 Bxb4 23. Qb3 Qc5 24. Na4 Qb5 25. h3 Rd3 26. Qa2 Rdd8 27. Ra1
Rc2 28. Qb3 Rcc8 29. Qa2 Rd2 30. Qb3 Rcc2 31. e4 Rxf2 32. Bg3 Rfd2 33. Bf4 Rf2
34. Bg3 Rxg2+ 35. Bxg2 Qe2 36. Bf3 Qd2 37. Rd1 Qg5 38. Qxc2 Qxg3+ 39. Qg2 1-0

[Event "Ä11Ï"]
[Site "Loo"]
[Date "2017.04.26"]
[Round "7.21"]
[White "Õóñíååâà, Àëèíà."]
[Black "Ìèõàéëîâà, Åêàòåðèíà."]
[Result "1/2-1/2"]
[WhiteElo "1238"]
[BlackElo "1053"]
[PlyCount "80"]
[EventDate "2017.04.20"]

1. e4 e5 2. Nf3 Nc6 3. Bb5 a6 4. Ba4 d6 5. c3 Bd7 6. O-O g6 7. d4 Bg7 8. Re1
Nge7 9. Be3 O-O 10. d5 Nb8 11. Bxd7 Nxd7 12. Qd2 f5 13. Ng5 Rf6 14. Ne6 Qc8 15.
Nxg7 Kxg7 16. f3 f4 17. Bf2 g5 18. Qe2 h5 19. g3 Nf8 20. Qf1 fxg3 21. Bxg3 h4
22. Bf2 Rxf3 23. Re3 Rf7 24. Qg2 Nh7 25. Bxh4 Kg6 26. Rg3 Kg7 27. Bxg5 Nxg5 28.
Rxg5+ Kf8 29. Nd2 Qd7 30. Rf1 Qb5 31. Rxf7+ Kxf7 32. Qf1+ Qxf1+ 33. Nxf1 Ng6
34. Kg2 Nf4+ 35. Kg3 Kf6 36. h4 Rh8 37. Ne3 Nh5+ 38. Kg4 Nf4 39. Kg3 Nh5+ 40.
Kg4 Nf4 1/2-1/2

[Event "Ä11Ï"]
[Site "Loo"]
[Date "2017.04.26"]
[Round "7.22"]
[White "Êîðíåâà, Åëèçàâåòà."]
[Black "Êóëüêîâà, Äèíà."]
[Result "0-1"]
[WhiteElo "1060"]
[BlackElo "1232"]
[PlyCount "66"]
[EventDate "2017.04.20"]

1. d4 Nf6 2. c4 e6 3. Nf3 b6 4. a3 Bb7 5. Nc3 Be7 6. Bg5 O-O 7. Qc2 h6 8. h4 d5
9. e3 Nbd7 10. cxd5 Bxd5 11. Nxd5 Nxd5 12. g4 c5 13. Bxe7 Nxe7 14. h5 f6 15.
Bd3 Rc8 16. d5 exd5 17. O-O-O Qc7 18. Kb1 Ne5 19. Nxe5 fxe5 20. Bh7+ Kh8 21. g5
e4 22. Bg6 Qd6 23. Bxe4 Qe5 24. Bg6 Qxg5 25. Rdg1 Qf6 26. Rh3 Nxg6 27. Rxg6
Qxf2 28. Qxf2 Rxf2 29. Rhg3 Rc7 30. Re6 Rf5 31. Re8+ Kh7 32. Rh3 Rff7 33. Rd8
Rcd7 0-1

[Event "Ä11Ï"]
[Site "Loo"]
[Date "2017.04.26"]
[Round "7.23"]
[White "Ãîí÷àðîâà, Ñîôèÿ."]
[Black "Áàê÷åíêî, Àíàñòàñèÿ."]
[Result "1-0"]
[WhiteElo "1034"]
[BlackElo "1221"]
[PlyCount "49"]
[EventDate "2017.04.20"]

1. e4 d5 2. exd5 Nf6 3. c4 c6 4. dxc6 Nxc6 5. Nc3 Bf5 6. Nf3 e5 7. d3 Bc5 8.
Bg5 Qb6 9. Qe2 Ng4 10. O-O-O Nd4 11. Qd2 Nxf3 12. gxf3 Nxf2 13. Na4 Qb4 14.
Nxc5 Qxd2+ 15. Rxd2 Nxh1 16. Bg2 O-O 17. Nxb7 Rab8 18. Nd6 Bg6 19. Be7 Rfc8 20.
Nxc8 Rxc8 21. Bxh1 Rc7 22. Bd6 Rd7 23. Bxe5 Rxd3 24. Rxd3 Bxd3 25. c5 1-0

[Event "Ä11Ï"]
[Site "Loo"]
[Date "2017.04.26"]
[Round "7.27"]
[White "Ãàìèäîâà, Ìàðãàðèòà."]
[Black "Êó÷èíà, Àëåêñàíäðà."]
[Result "0-1"]
[WhiteElo "1134"]
[BlackElo "1004"]
[PlyCount "40"]
[EventDate "2017.04.20"]

1. d4 d5 2. Nf3 Nf6 3. g3 e6 4. Bg2 Be7 5. O-O O-O 6. c4 dxc4 7. Nc3 c5 8. e3
Nc6 9. dxc5 Bxc5 10. Qe2 Qd3 11. Qd1 Rd8 12. Qa4 a6 13. Bd2 Rb8 14. a3 b5 15.
Qd1 Bb7 16. Qc1 Ne4 17. Rd1 Nxc3 18. Bxc3 Qf5 19. e4 Qg6 20. Rb1 f6 0-1

[Event "Ä13Â"]
[Site "Loo"]
[Date "2017.04.26"]
[Round "7.1"]
[White "Ñîâèíà, Ìàðèÿ."]
[Black "Õóðõåñîâà, Âèêòîðèÿ."]
[Result "1/2-1/2"]
[WhiteElo "1734"]
[BlackElo "1694"]
[PlyCount "126"]
[EventDate "2017.04.20"]

1. d4 d5 2. c4 e6 3. Nc3 Be7 4. Nf3 Nf6 5. cxd5 exd5 6. Bg5 c6 7. e3 Bf5 8. Qb3
Qb6 9. Qxb6 axb6 10. Be2 Nbd7 11. Nd2 h6 12. Bf4 O-O 13. Rg1 Rfe8 14. g4 Bg6
15. h4 Ne4 16. Ndxe4 dxe4 17. g5 hxg5 18. Bxg5 Ra5 19. Bxe7 Rxe7 20. b4 Ra3 21.
Kd2 b5 22. Kc2 Nb6 23. h5 Bh7 24. Kb2 Ra8 25. Rg4 Na4+ 26. Nxa4 Rxa4 27. a3 Re8
28. Rag1 g6 29. hxg6 Bxg6 30. Bd1 Ra7 31. Bb3 Kf8 32. Bc2 Rea8 33. Rf4 Bh7 34.
Ra1 Re8 35. Rh1 Kg7 36. Rg4+ Bg6 37. Rhg1 Rea8 38. Ra1 Re8 39. Bb3 Rea8 40. Rg5
Re8 41. Rc5 Rh8 42. d5 Rh2 43. Rf1 Ra6 44. dxc6 bxc6 45. a4 bxa4 46. Bc4 a3+
47. Ka2 Ra4 48. Kb3 Ra8 49. Ra5 Rd8 50. Kxa3 Rd2 51. Ra6 Rdxf2 52. Rxf2 Rxf2
53. Rxc6 Rf3 54. b5 Rxe3+ 55. Kb4 Re1 56. b6 e3 57. Kc5 Be4 58. Rc7 e2 59.
Rxf7+ Kg6 60. Re7 Rc1 61. Rxe4 e1=Q 62. Rxe1 Rxe1 63. Bd3+ Kf6 1/2-1/2

[Event "Ä13Â"]
[Site "Loo"]
[Date "2017.04.26"]
[Round "7.2"]
[White "Íóð-Ìóõàìåòîâà, Àëèñà."]
[Black "Ñòåïàíÿí, Ýâà."]
[Result "0-1"]
[WhiteElo "1723"]
[BlackElo "1938"]
[PlyCount "138"]
[EventDate "2017.04.20"]

1. Nf3 Nf6 2. g3 b6 3. Bg2 e6 4. Ne5 d5 5. c4 Bb7 6. Nc3 Bd6 7. Qa4+ c6 8. d4
O-O 9. O-O Qc7 10. Nd3 Rd8 11. Rd1 Nbd7 12. e4 dxe4 13. Nxe4 Nxe4 14. Bxe4 Nf6
15. Bg2 h6 16. Qc2 c5 17. dxc5 bxc5 18. Nf4 Bxg2 19. Nxg2 Qc6 20. b3 Be5 21.
Bb2 Bxb2 22. Qxb2 Ne4 23. Nf4 Ng5 24. Ng2 Qf3 25. Re1 Rd4 26. Qe2 Qc6 27. Kh1
Rad8 28. Rad1 Ne4 29. Rxd4 Rxd4 30. f3 Nd2 31. f4 Ne4 32. Kg1 Qd6 33. Nh4 Nc3
34. Qe5 Nxa2 35. f5 Rd1 36. Qxd6 Rxd6 37. Re5 Rc6 38. fxe6 fxe6 39. Ng6 Kf7 40.
Nf4 Nb4 41. h4 Kf6 42. Re1 Rd6 43. Ra1 e5 44. Ne2 Rd3 45. Rxa7 Rxb3 46. Rc7 Nd3
47. Rd7 e4 48. Rd6+ Kf5 49. Rd7 Kf6 50. Rd6+ Ke7 51. Rg6 Kf7 52. Rg4 e3 53. Re4
Rb1+ 54. Kg2 Ne1+ 55. Kh3 Nc2 56. Re5 Re1 57. Nf4 Nd4 58. Nd5 e2 59. Kg2 Rb1
60. Kf2 Rf1+ 61. Kg2 e1=Q 62. Rxe1 Rxe1 63. Kf2 Rc1 64. Ne3 Nc2 65. Nd5 Na3 66.
Ne3 Nxc4 67. Nf5 Ne5 68. Nd6+ Ke6 69. Ne4 c4 0-1

[Event "Ä13Â"]
[Site "Loo"]
[Date "2017.04.26"]
[Round "7.3"]
[White "Âîñòðèêîâà, Ñòàíèñëàâà."]
[Black "Êóçíåöîâà, Ìàðèíà."]
[Result "1/2-1/2"]
[WhiteElo "1519"]
[BlackElo "1649"]
[PlyCount "113"]
[EventDate "2017.04.20"]

1. e4 e5 2. Nf3 Nf6 3. Nxe5 d6 4. Nf3 Nxe4 5. Nc3 Nxc3 6. dxc3 Nc6 7. Bf4 Be7
8. Qd2 Be6 9. O-O-O a6 10. Kb1 Qd7 11. h4 O-O-O 12. Ng5 Bxg5 13. Bxg5 f6 14.
Bf4 Ne5 15. Be2 Qc6 16. f3 Rhe8 17. Bd3 Nc4 18. Qf2 Qa4 19. b3 Na3+ 20. Kb2
Qxf4 21. Kxa3 Bf5 22. Rhe1 Bxd3 23. cxd3 Qf5 24. Kb2 Qg6 25. d4 Rxe1 26. Rxe1
Re8 27. Rxe8+ Qxe8 28. Qc2 g6 29. Qe4 Qxe4 30. fxe4 Kd7 31. Kc2 Ke6 32. Kd3 f5
33. Ke3 h6 34. exf5+ Kxf5 35. Kf3 h5 36. c4 c6 37. b4 b6 38. a3 c5 39. dxc5
dxc5 40. bxc5 bxc5 41. a4 a5 42. g3 Ke5 43. Ke3 Kf5 44. Kf3 g5 45. hxg5 Kxg5
46. Kf2 Kg4 47. Kg2 Kf5 48. Kf3 Kg5 49. Kf2 Kf5 50. Ke3 Ke5 51. Kd3 Kf5 52. Ke3
Kg5 53. Kf2 Kf5 54. Kf3 Kg5 55. Kf2 Kg6 56. Ke3 Kg5 57. Kf2 1/2-1/2